000 00721nam a2200241Ia 4500
003 OSt
005 20220926012545.0
006 a|||||r|||| 00| 0
007 ta
008 220923b |||||||| |||| 00| 0 eng d
037 _cGeneral Book
040 _aRTL
_cRTL
_beng
041 _2eng
_aeng
082 _aX:8:(B2893), L6
100 _aGross Paul
_9170062
245 0 _aSystems analysis and design for management
260 _aNew York
_bDun-Donnelley U. S. A.
_c1976
300 _aix, 468p. Glossary p.443-58
_ccm.
650 _aOperational Management
700 _a Smith Robert D.
_9170063
942 _hX:8:(B2893), L6
_cGB
_2CC
999 _c623538
_d623538